|
|
|
|
| LEADER |
00668cam a2200181 7i4500 |
| 001 |
0000039603 |
| 005 |
20230718090000.0 |
| 020 |
|
|
|a 9780335238743 (hbk.)
|
| 020 |
|
|
|a 0335238742 (hbk.)
|
| 090 |
0 |
0 |
|a LB1139.23
|b .B35 2011
|
| 100 |
1 |
|
|a Baldock, Peter
|
| 245 |
1 |
0 |
|a Developing early childhood services :
|b past, present and future
|c Peter Baldock.
|
| 260 |
|
|
|a Berkshire, England:
|b Open University Press,
|c 2011.
|
| 300 |
|
|
|a 166 p.;
|c 24 cm.
|
| 650 |
0 |
0 |
|a Early childhood education
|
| 997 |
|
|
|a Education & Social Sciences, Faculty
|b Early Chilhood Studies, Department
|
| 998 |
|
|
|a Preschool Education, Diploma
|
| 999 |
|
|
|a 0000050948
|b BOK
|c OPEN SHELF
|e 1st Floor, Bestari Jaya
|